[Event "Chess Festival 2008 - GM Teplarny"]
[Site "Brno CZE"]
[Date "2008.07.03"]
[Round "8.1"]
[White "Macak, Stefan"]
[Black "Philippe, Christophe"]
[Result "0-1"]
[WhiteElo "2342"]
[BlackElo "2407"]
[PlyCount "138"]
[EventDate "2008.06.27"]
[EventType "tourn"]
[EventRounds "11"]
[EventCountry "CZE"]
[Source "lmi"]
[SourceDate "2008.06.27"]

1. e4 Nf6 2. e5 Nd5 3. d4 d6 4. Nf3 g6 5. Bc4 c6 6. O-O Bg7 7. exd6 Qxd6 8.
Nbd2 Bg4 9. h3 Bxf3 10. Nxf3 O-O 11. Qe2 e6 12. Re1 Nd7 13. Bg5 b5 14. Bb3 a5
15. a4 b4 16. Rad1 h6 17. Bh4 Rfe8 18. Bg3 Qf8 19. Qd2 Kh7 20. c4 bxc3 21. bxc3
c5 22. Ne5 Nxe5 23. dxe5 Red8 24. Qc1 Qe8 25. Re4 Qc6 26. f3 Nb6 27. Bh4 Rxd1+
28. Qxd1 c4 29. Bc2 Nd5 30. Qd4 Rb8 31. Bf2 Rb2 32. Re2 Kg8 33. f4 Bf8 34. g4
Ra2 35. f5 Ra1+ 36. Kh2 Nxc3 37. Re3 Qh1+ 38. Kg3 Rg1+ 39. Bxg1 Qxg1+ 40. Kf3
Qf1+ 41. Kg3 Ne2+ 42. Rxe2 Qxe2 43. Be4 gxf5 44. gxf5 Bb4 45. Bf3 Be1+ 46. Kf4
Qh2+ 47. Ke4 Qc2+ 48. Kf4 Qxf5+ 49. Ke3 Bg3 50. Qxc4 Qxe5+ 51. Kd2 Qf4+ 52.
Qxf4 Bxf4+ 53. Kd3 Kf8 54. Ke4 Bd6 55. Bh5 Ke7 56. Kd4 f5 57. Bg6 Kf6 58. Be8
Bg3 59. Bd7 Bf2+ 60. Kc4 e5 61. Kd5 Bd4 62. h4 Bf2 63. h5 Bd4 64. Kc4 Kg5 65.
Kd3 Kf4 66. Bc8 Bb6 67. Bd7 e4+ 68. Ke2 Ke5 69. Bc6 f4 0-1

[Event "Chess Festival 2008 - GM Teplarny"]
[Site "Brno CZE"]
[Date "2008.07.03"]
[Round "8.3"]
[White "Talla, Vladimir"]
[Black "Bobras, Piotr"]
[Result "1/2-1/2"]
[WhiteElo "2403"]
[BlackElo "2576"]
[PlyCount "60"]
[EventDate "2008.06.27"]
[EventType "tourn"]
[EventRounds "11"]
[EventCountry "CZE"]
[Source "lmi"]
[SourceDate "2008.06.27"]

1. e4 c5 2. Nf3 d6 3. d4 cxd4 4. Nxd4 Nf6 5. Nc3 a6 6. Be3 e5 7. Nb3 Be7 8. f3
Be6 9. Qd2 O-O 10. O-O-O Nbd7 11. g4 b5 12. g5 b4 13. Ne2 Ne8 14. h4 a5 15. Kb1
Nb6 16. Ng3 a4 17. Nc1 d5 18. Bxb6 Qxb6 19. exd5 Rd8 20. Bc4 Nc7 21. dxe6 Rxd2
22. exf7+ Kh8 23. Rxd2 Nb5 24. Bxb5 Qxb5 25. Nf5 Rxf7 26. Nxe7 Rxe7 27. Re1 Kg8
28. Rd3 Rc7 29. Rd8+ Kf7 30. Nd3 Re7 1/2-1/2

[Event "Chess Festival 2008 - GM Teplarny"]
[Site "Brno CZE"]
[Date "2008.07.04"]
[Round "9.1"]
[White "Mista, Aleksander"]
[Black "Macak, Stefan"]
[Result "1-0"]
[WhiteElo "2537"]
[BlackElo "2342"]
[PlyCount "107"]
[EventDate "2008.06.27"]
[EventType "tourn"]
[EventRounds "11"]
[EventCountry "CZE"]
[Source "lmi"]
[SourceDate "2008.06.27"]

1. e4 e6 2. d4 d5 3. Nd2 Nf6 4. e5 Nfd7 5. Bd3 c5 6. c3 Nc6 7. Ne2 cxd4 8. cxd4
f6 9. exf6 Nxf6 10. O-O Bd6 11. Nf3 Qc7 12. Bg5 O-O 13. Bh4 Nh5 14. Qc2 h6 15.
Bh7+ Kh8 16. Bg6 Rxf3 17. Bxh5 Rf8 18. Bg3 Bd7 19. Rad1 Be8 20. Bg4 Rf6 21. Nc3
Bg6 22. Qe2 Bxg3 23. hxg3 Qd6 24. Rfe1 Re8 25. Bh5 Bxh5 26. Qxh5 Ref8 27. Rd2
Kg8 28. a3 Qd7 29. b4 Rf5 30. Qd1 g5 31. Na4 b6 32. Nb2 Qd6 33. Re3 R5f6 34.
Qg4 e5 35. dxe5 Nxe5 36. Qd1 Rd8 37. Qe2 Ng6 38. Nc4 Qc6 39. Ne5 Nxe5 40. Rxe5
d4 41. Qd3 Re6 42. Rc2 Qd6 43. Rc7 Rd7 44. Rxd7 Qxd7 45. Qc4 Kf7 46. Rd5 Qe8
47. Qxd4 Qc6 48. Rd7+ Re7 49. Rd6 Qc1+ 50. Kh2 Re6 51. Rd7+ Re7 52. Qd5+ Kf6
53. Qd6+ Re6 54. Qd4+ 1-0

[Event "Chess Festival 2008 - GM Teplarny"]
[Site "Brno CZE"]
[Date "2008.07.04"]
[Round "9.3"]
[White "Bernasek, Jan"]
[Black "Vyskocil, Neklan"]
[Result "1-0"]
[WhiteElo "2530"]
[BlackElo "2313"]
[PlyCount "55"]
[EventDate "2008.06.27"]
[EventType "tourn"]
[EventRounds "11"]
[EventCountry "CZE"]
[Source "lmi"]
[SourceDate "2008.06.27"]

1. c4 Nf6 2. Nc3 e5 3. g3 Bb4 4. Bg2 O-O 5. Nf3 e4 6. Nd4 Re8 7. Nc2 Bxc3 8.
dxc3 d6 9. h3 Nbd7 10. Bf4 Ne5 11. Ne3 Ng6 12. Bg5 h6 13. Bxf6 Qxf6 14. Qc2 Qe5
15. Nd5 Bf5 16. e3 Rac8 17. O-O-O c6 18. Nf4 Nxf4 19. gxf4 Qc5 20. Rd4 Be6 21.
Bxe4 Bxc4 22. b4 Qb5 23. a4 Qa6 24. Rxd6 b5 25. a5 Qb7 26. Rhd1 a6 27. Bf5 Rc7
28. Rd8 1-0

[Event "Chess Festival 2008 - GM Teplarny"]
[Site "Brno CZE"]
[Date "2008.07.04"]
[Round "9.4"]
[White "Bobras, Piotr"]
[Black "Simacek, Pavel"]
[Result "1/2-1/2"]
[WhiteElo "2576"]
[BlackElo "2461"]
[PlyCount "41"]
[EventDate "2008.06.27"]
[EventType "tourn"]
[EventRounds "11"]
[EventCountry "CZE"]
[Source "lmi"]
[SourceDate "2008.06.27"]

1. e4 e5 2. Nf3 Nc6 3. Bb5 a6 4. Ba4 Nf6 5. O-O Nxe4 6. d4 b5 7. Bb3 d5 8. dxe5
Be6 9. Nbd2 Nc5 10. c3 d4 11. Bxe6 Nxe6 12. cxd4 Ncxd4 13. a4 Rb8 14. axb5 axb5
15. Ne4 Be7 16. Nd6+ cxd6 17. Nxd4 Nxd4 18. Qxd4 dxe5 19. Qxe5 O-O 20. Bf4 Rb7
21. Qe4 1/2-1/2

[Event "Chess Festival 2008 - GM Teplarny"]
[Site "Brno CZE"]
[Date "2008.07.05"]
[Round "10.4"]
[White "Vyskocil, Neklan"]
[Black "Bobras, Piotr"]
[Result "1/2-1/2"]
[WhiteElo "2313"]
[BlackElo "2576"]
[PlyCount "105"]
[EventDate "2008.06.27"]
[EventType "tourn"]
[EventRounds "11"]
[EventCountry "CZE"]
[Source "lmi"]
[SourceDate "2008.06.27"]

1. e4 c5 2. Nf3 e6 3. Nc3 d6 4. d4 cxd4 5. Nxd4 Nf6 6. Bc4 Be7 7. Bb3 O-O 8. g4
d5 9. exd5 Nxd5 10. Nxd5 exd5 11. Nf5 Bxf5 12. gxf5 d4 13. Qh5 Bf6 14. O-O Nc6
15. Bf4 Na5 16. Rfd1 Nxb3 17. axb3 Qd5 18. Rd3 g6 19. Qg4 Rfe8 20. fxg6 hxg6
21. Bd2 Re4 22. Qf3 Qe6 23. Kf1 Rc8 24. c3 Rc5 25. Re1 Rce5 26. Rxe4 Rxe4 27.
b4 a6 28. cxd4 Rxd4 29. Rxd4 Bxd4 30. Qxb7 Qh3+ 31. Ke2 Qe6+ 32. Be3 Bxb2 33.
Qb8+ Kg7 34. Qf4 Qd5 35. Qh6+ Kg8 36. Bc5 Be5 37. h3 Qc4+ 38. Kf3 Qd3+ 39. Qe3
Qd1+ 40. Ke4 Bg7 41. Qd3 Qh1+ 42. Qf3 f5+ 43. Ke3 Qxf3+ 44. Kxf3 Kf7 45. Ke3
Ke6 46. Kd3 Kd5 47. Be7 Bb2 48. Bg5 Bd4 49. f3 Bb6 50. Bf6 Bc7 51. Bc3 Bf4 52.
Be1 Bd6 53. Bc3 1/2-1/2

[Event "Chess Festival 2008 - GM Teplarny"]
[Site "Brno CZE"]
[Date "2008.07.06"]
[Round "11.2"]
[White "Bernasek, Jan"]
[Black "Mista, Aleksander"]
[Result "0-1"]
[WhiteElo "2530"]
[BlackElo "2537"]
[PlyCount "150"]
[EventDate "2008.06.27"]
[EventType "tourn"]
[EventRounds "11"]
[EventCountry "CZE"]
[Source "lmi"]
[SourceDate "2008.06.27"]

1. d4 d5 2. c4 dxc4 3. e3 Nf6 4. Bxc4 e6 5. Nf3 c5 6. dxc5 Qxd1+ 7. Kxd1 Bxc5
8. Ke2 Nbd7 9. Nc3 a6 10. Bd3 b5 11. Ne4 Nxe4 12. Bxe4 Rb8 13. Bd2 Nf6 14. Bd3
Bb7 15. Ba5 Bd6 16. Rhc1 Kd7 17. a3 Rhc8 18. Bc3 Ke7 19. g3 g6 20. Nd2 Nd5 21.
Ba5 f5 22. e4 Nf6 23. exf5 gxf5 24. Nf3 Nd7 25. Nd2 Ne5 26. Bc3 Nxd3 27. Kxd3
e5 28. Bb4 Bd5 29. Bxd6+ Kxd6 30. Nf1 Bc4+ 31. Kd2 f4 32. Ke1 Ke6 33. Nd2 Bd5
34. Ke2 Kf5 35. f3 h5 36. Kd1 fxg3 37. hxg3 Rg8 38. Rc5 Rbd8 39. Ke2 Rxg3 40.
Ke3 h4 41. Rh1 h3 42. Rc7 Rh8 43. Rd7 Ke6 44. Ra7 h2 45. Rxa6+ Kf5 46. Kf2 Rhh3
47. Rd6 Bxf3 48. Rxh2 e4 49. Rxh3 Rxh3 50. Nxf3 Rxf3+ 51. Ke2 Rb3 52. Rd2 Kf4
53. Kf1 e3 54. Rc2 Kf3 55. Ke1 Ke4 56. Ke2 Rd3 57. Ke1 Rd5 58. b3 Rh5 59. Rc8
Rh1+ 60. Ke2 Rh2+ 61. Ke1 Rb2 62. Re8+ Kd3 63. Rd8+ Kc3 64. Re8 Rxb3 65. Rxe3+
Kb2 66. Re5 Kxa3 67. Kd2 Rb2+ 68. Kc1 b4 69. Re3+ Ka2 70. Re8 Rh2 71. Ra8+ Kb3
72. Re8 Rh1+ 73. Kd2 Rb1 74. Kd3 Rd1+ 75. Ke2 Rd5 0-1

[Event "Chess Festival 2008 - GM Teplarny"]
[Site "Brno CZE"]
[Date "2008.07.06"]
[Round "11.5"]
[White "Philippe, Christophe"]
[Black "Simacek, Pavel"]
[Result "1/2-1/2"]
[WhiteElo "2407"]
[BlackElo "2461"]
[PlyCount "63"]
[EventDate "2008.06.27"]
[EventType "tourn"]
[EventRounds "11"]
[EventCountry "CZE"]
[Source "lmi"]
[SourceDate "2008.06.27"]

1. e4 d5 2. exd5 Nf6 3. Nf3 Nxd5 4. d4 Bg4 5. Be2 e6 6. O-O Nc6 7. c4 Nb6 8.
Nc3 Bxf3 9. Bxf3 Nxd4 10. Bxb7 Rb8 11. Be4 f5 12. Be3 c5 13. Bd3 Be7 14. Ne2
Bf6 15. Nxd4 Bxd4 16. Qe2 Kf7 17. Bxd4 Qxd4 18. Rfe1 Qf6 19. Qe3 Rhd8 20. Bf1
Rd4 21. Qa3 Rd2 22. Qxc5 Nd7 23. Qxa7 Rbxb2 24. a4 f4 25. Rab1 Rxb1 26. Rxb1
Qf5 27. Rb5 Qe4 28. Rb7 Ke7 29. Qc5+ Kf6 30. Qa7 Ke7 31. Qc5+ Kf6 32. Qa7
1/2-1/2